000 00589nam a2200229Ia 4500
003 OSt
005 20220924134548.0
006 a|||||r|||| 00| 0
007 ta
008 220923b |||||||| |||| 00| 0 urd d
024 _a276914
037 _cTextual
040 _aARTS
_cARTS
_burd
041 _2urd
_aurd
082 _aO168,3:gx, P3
100 _aAhmad Sagheer
_9208702
245 0 _aJadeed urdu afsano me ehtejaj ki baazgasht
260 _c2003
650 _aURDU LITERATURE
942 _hO168,3:gx, P3
_cTEXL
_2CC
999 _c437810
_d437810